Cuba: una agenda para la transición /

Guardado en:
Bibliografiske detaljer
Hovedforfatter: Arias Sánchez, Oscar
Format: Texto
Fag:
Tags: Tilføj Tag
Ingen Tags, Vær først til at tagge denne postø!

MARC

LEADER 00000 a a2200000 04500
001 18662
003
040
100 |a Arias Sánchez, Oscar  
245 |a Cuba:   |b una agenda para la transición /  |c Oscar Arias Sánchez 
650 |a DEMOCRACIA  
650 |a CUBA  
773 |g número 31; páginas 84-87  
999 |c 29819  |d 29819